Designing for exceedance in urban drainage (Record no. 105599)
[ view plain ]
| 000 -LEADER | |
|---|---|
| fixed length control field | 01212cam a2200265 4500 |
| 001 - CONTROL NUMBER | |
| control field | ##L134220 |
| 008 - FIXED-LENGTH DATA ELEMENTS--GENERAL INFORMATION | |
| fixed length control field | 060718n2006 000 0 eng u |
| 020 ## - INTERNATIONAL STANDARD BOOK NUMBER | |
| International Standard Book Number | 0860176355 |
| -- | 9780860176350 |
| 035 ## - SYSTEM CONTROL NUMBER | |
| System control number | (Sirsi) u134220 |
| 041 0# - LANGUAGE CODE | |
| Language code of text/sound track or separate title | eng |
| 050 04 - LIBRARY OF CONGRESS CALL NUMBER | |
| Classification number | 628.24 $2 18 |
| 100 1# - MAIN ENTRY--PERSONAL NAME | |
| Personal name | Balmforth, David |
| 245 00 - TITLE STATEMENT | |
| Title | Designing for exceedance in urban drainage |
| Remainder of title | good practice |
| 260 ## - PUBLICATION, DISTRIBUTION, ETC. | |
| Place of publication, distribution, etc. | London |
| Name of publisher, distributor, etc. | CIRIA |
| Date of publication, distribution, etc. | 2006 |
| 300 ## - PHYSICAL DESCRIPTION | |
| Extent | 255p. |
| Dimensions | 30cm |
| 490 #0 - SERIES STATEMENT | |
| Series statement | CIRIA |
| Volume/sequential designation | C635 |
| 520 ## - SUMMARY, ETC. | |
| Summary, etc. | Provides advice on the design and management of urban sewerage and drainage systems to reduce the impact of drainage exceedance. Includes information on the effective design of both underground systems and overland flood conveyance, and provides advice on risk assessment procedures and planning to reduce the impact that extreme events may have on people and property in the surrounding area. Aimed at drainage engineers, regulators, planners and the construction industry. |
| 590 ## - LOCAL NOTE (RLIN) | |
| Local note | IKA180706 |
| 651 #4 - SUBJECT ADDED ENTRY--GEOGRAPHIC NAME | |
| Geographic name | United Kingdom |
| 690 ## - LOCAL SUBJECT ADDED ENTRY--TOPICAL TERM (OCLC, RLIN) | |
| Topical term or geographic name as entry element | ENVIRONMENTAL AND LAND CONSULTANCY-WATER RESOURCE MANAGEMENT-DRAINAGE |
| 700 1# - ADDED ENTRY--PERSONAL NAME | |
| Personal name | Digman, Christopher |
| 700 1# - ADDED ENTRY--PERSONAL NAME | |
| Personal name | Kellagher, Richard |
| 700 1# - ADDED ENTRY--PERSONAL NAME | |
| Personal name | Butler, David |
| 942 ## - ADDED ENTRY ELEMENTS (KOHA) | |
| Suppress in OPAC | 0 |
| Source of classification or shelving scheme | Dewey Decimal Classification |
| Withdrawn status | Lost status | Source of classification or shelving scheme | Damaged status | Not for loan | Home library | Current library | Shelving location | Date acquired | Total Checkouts | Full call number | Barcode | Date last seen | Date last checked out | Copy number | Price effective from | Koha item type |
|---|---|---|---|---|---|---|---|---|---|---|---|---|---|---|---|---|
| Dewey Decimal Classification | London | London | Folio | 23/08/2006 | 3 | F628.24 BAL | 30073055 | 06/08/2019 | 24/08/2007 | 1 | 06/08/2019 | Book |